|
|
|
|
| LEADER |
01509nam a2200397 a 4500 |
| 001 |
nkc20132518037 |
| 003 |
CZ PrNK |
| 005 |
20140613142808.0 |
| 007 |
ta |
| 008 |
131105s2013 xr a b 000 f cze |
| 015 |
|
|
|a cnb002518037
|
| 020 |
|
|
|a 978-80-904621-5-1
|q (brož.)
|
| 035 |
|
|
|a (OCoLC)870287427
|
| 040 |
|
|
|a ABA001
|b cze
|
| 041 |
1 |
|
|a cze
|h slv
|
| 072 |
|
7 |
|a 821.163
|x Jihoslovanské literatury
|2 Konspekt
|9 25
|
| 072 |
|
7 |
|a 821-93
|x Literatura pro děti a mládež (beletrie)
|2 Konspekt
|9 26
|
| 080 |
|
|
|a 821.163.6-34
|2 MRF
|
| 080 |
|
|
|a 821-93
|2 MRF
|
| 080 |
|
|
|a (0:82-34)
|2 MRF
|
| 245 |
0 |
0 |
|a Kouzelná zahrada :
|b slovinské lidové pohádky /
|c vybrala, přeložila a upravila Alena Vorlíčková ; ilustrace Magda Štajnerová
|
| 250 |
|
|
|a 2. vyd., (upr., V tomto nakl. 1.)
|
| 260 |
|
|
|a Praha :
|b Emona servis,
|c 2013
|
| 300 |
|
|
|a 89 s. :
|b il. (převážně barev.) ;
|c 21 cm
|
| 500 |
|
|
|a Obálkový podnázev: na motivy slovinských lidových pohádek
|
| 655 |
|
7 |
|a slovinské pohádky
|7 fd119316
|2 czenas
|
| 655 |
|
7 |
|a publikace pro děti
|7 fd133156
|2 czenas
|
| 655 |
|
9 |
|a Slovenian fairy tales
|2 eczenas
|
| 655 |
|
9 |
|a children's literature
|2 eczenas
|
| 700 |
1 |
|
|a Vorlíčková, Alena,
|d 1966-
|7 jx20100209042
|4 trl
|4 com
|
| 700 |
1 |
|
|a Štajnerová, Magda,
|d 1975-
|7 ola2010613441
|4 ill
|
| 910 |
2 |
|
|a BOA001
|b 2-1327.410
|
| 990 |
|
|
|a BK
|
| 995 |
|
|
|a 01
|
| 991 |
|
|
|b 201405
|c NOV
|e db
|
| 996 |
6 |
|
|b 2610591888
|c 2-1327.410
|l MZK
|r Sklad / do 1 hodiny
|n 1
|p p.v.
|w 001423766
|u 000010
|a 1
|e BOA001
|j MZK50
|s P
|